Adivina la letra de la cancón: "me fui de vacaciones" de bad bunny - Estadísticas

Estadísticas generales
  • Esta prueba ha sido intentada 100 veces
  • La puntuación promedio es 178 de 318
Estadísticas de respuestas
Respuesta % Correcto
me
97%
la
96%
y
96%
a
95%
de
95%
el
93%
fui
92%
con
91%
vacaciones
91%
las
86%
un
86%
canción
85%
es
81%
lo
78%
cervezas
77%
dia
76%
no
76%
por
76%
76%
tu
76%
que
74%
si
74%
se
73%
amistades
72%
canciones
70%
muchas
70%
shot
70%
buenas
69%
mi
66%
66%
sol
65%
bendiciones
64%
en
62%
bonito
59%
pa
59%
feo
58%
pone
58%
más
57%
o
57%
todo
57%
haces
55%
necesito
55%
ya
54%
deseos
49%
ey
49%
pido
49%
sube
49%
subé
49%
cabrón
47%
salió
47%
nunca
46%
esta
45%
cuando
43%
janguear
43%
regalaron
43%
yo
43%
mejor
42%
tengo
42%
como
39%
menos
38%
hoy
35%
voy
35%
boquerón
34%
corazón
34%
dar
34%
radio
34%
perdí
30%
quedaba
28%
eso
27%
na
27%
manatí
26%
salga
26%
darle
24%
paz
23%
quiere
23%
ve
23%
gente
19%
pensar
19%
spot
19%
location
18%
saberlo
18%
secret
18%
porque
16%
pienso
15%
bien
14%
nuves
14%
pongo
14%
quiero
14%
rico
14%
sorry
14%
tanto
14%
hasta
12%
olvido
12%
veces
12%
puerto
11%
dormir
9%
gracias
9%
levanto
9%
pasarla
8%
escuela
7%
lindo
7%
ver
7%
así
5%
google
5%
maps
5%
disco
4%
encontrar
4%
hablen
4%
isabela
4%
rato
4%
trabajo
4%
trap
4%
abrí
3%
del
3%
lejos
3%
linda
3%
llegando
3%
merezco
3%
vas
3%
ancla
1%
asusten
1%
busques
1%
desaparezco
1%
después
1%
palguera
1%
puedo
1%
saco
1%
velas
1%
vibra
1%
vuelta
1%
babies
0%
frontear
0%
gabs
0%
mango
0%
mayagüe
0%
paraíso
0%
sensei
0%
traigo
0%
No se encontraron pruebas coincidentes
Distribución de puntuación
Porcentaje de gente con cada puntuación
Porcentaje por número respondido
Historial de tus puntuaciones
No has intentado esta prueba.